Statistics for Top 10 Favorite Foods In One Minute

Click here to take the quiz!

General Stats

  • This quiz has been taken 20 times
  • The average score is 3 of 10

Answer Stats

Number RankAnswer% Correct
1.)Pizza
100%
5.)Burgers
33%
6.)French Fries
33%
8.)Steak
28%
9.)Tacos
28%
7.)Bacon
22%
2.)Ice Cream
22%
3.)Chocolate
17%
4.)Fried Chicken
17%
10.)Macaroni and Cheese
11%

Score Distribution

Percentile by Number Answered

Percent of People with Each Score

Your Score History

You have not taken this quiz